000 00860nam a2200241Ia 4500
003 OSt
005 20220923211058.0
006 a|||||r|||| 00| 0
007 ta
008 Pun
020 _a8177701452
_c300
024 _a238,166
037 _b236, 17/12/2008, N. R. Book Distributors
_cTextual
040 _aARTS
_cARTS
_bPun
041 _2Pun
_aPun
082 _aY73(P153):(U42)a, 153P7
100 _aਬੇਦੀ, ਹਰਚੰਦ ਸਿੰਘ
_9156315
245 0 _aਪਰਵਾਸੀ ਪੰਜਾਬੀ ਸਾਹਿਤ
260 _aਅੰਮ੍ਰਿਤਸਰ
_b ਗੁਰੂ ਨਾਨਕ ਦੇਵ ਯੂਨੀਵਰਸਿਟੀ
_c2007
300 _a370ਪੰ
_ccm.
942 _hY73(P153):(U42)a, 153P7
_cTEXL
_2CC
999 _c294908
_d294908